03251nam a2200445uu 4500001000800000005001700008007001000025008004100035020001800076035001200094040001300106041000800119082000800127100005800135245007700193260007400270300001100344505031500355520092200670650003701592650003901629650002901668650004801697650004601745650008101791650004201872650007101914650005001985650004702035700007702082700005402159700005602213700005202269700005302321700005602374942000902430999001902439952016402458952018302622135858920260508084908.0co|||||||140207s2013 spa  a9789588399614 a1358589 ccomduadb aspa 4a36210aCastaño Pérez, Guillermo Alonso4auteaut941475410aAdolescencia, sexo y consumo de drogas : una guía para la prevención aMedellín :bFundación Universitaria Luis Amigó (FUNLAM),c2013. aCD-ROM aCONTENIDO : Introducción. -- Consumo de drogas y prácticas sexuales en adolescentes entre los 14 y 17 años de colegios públicos y privados de la ciudad de Medellín. Investigación. -- Al encuentro de una sexualidad gratifi cante y responsable. Manual de prevención. -- Apéndices. -- Referencias.3 aLos efectos de las diferentes drogas sobre el deseo y el acto sexual han sido estudiados a fondo por varios autores y desde hace décadas. El alcohol es la sustancia más consumida y que más influye en la conducta sexual, siendo usada para reforzar la confianza y rebajar las inhibiciones. La marihuana ha sido utilizada para facilitar el inicio, desinhibirse y aumentar la excitación; la cocaína y el Popper, para la búsqueda de mayor placer y prolongar la relación; y la heroína, para evitar la eyaculación precoz. El éxtasis fu modificado en las décadas del 80 y 90 del siglo pasado como la droga del amor y fue muy usada en las prácticas sexuales. Este texto dará cuenta de las practicas sexuales bajo el efecto de alcohol o drogas y los comportamientos de riesgo, de los adolescentes de la ciudad de Medellín, brindando además una serie de herramientas para prevenir dichas conductas. aSexualidad del adolescente91585 aDrogadicción en jóvenes915596 aConsumo de drogas915467 7aSexualidadxAspectos sociales2embne956890 aAbuso de drogas - Investigaciones9185140 aAbuso de drogas - Investigaciones - Medellín (Antioquia, Colombia)9209511 7aIdentidad (Psicología)2lemb972613 aInstituciones educativas - Medellín (Antioquia, Colombia)978685 aDrogadicción - Prevención y control92584 7aJóvenesxConsumo de drogas2lemb920492410aMorales Mesa, Santiago Albertoc(Docente-investigador)4auteaut926557310aMontoya Montoya, Maria Carolina4auteaut925408210aRodríguez Bustamante, Alexander4auteaut970273310aArango Tobón, Olber Eduardo4auteaut971741810aValencia Marín, Kelly Yurani4illeill969892210aMejía Buitrago, David Alejandro4illeill9698923 cBOOK c680397d680397 001040708DIGITALBCaBCbBCd2014-02-07eMaterial adquirido por canjeiC1197062l0o362.29 C346a CD-ROMp0984816r2023-05-02 00:00:00t1w2023-05-02yDIGITAL 001040708DIGITALBCaBCbBCd2019-09-25eMaterial adquirido por donacióng20000.00iC1321033l0o362.29 C346a CD-ROM e2p01069009r2023-05-02 00:00:00t2w2023-05-02yDIGITAL